000 00324nam a2200121Ia 4500
008 190216s9999||||xx |||||||||||||| ||und||
100 _aWayne N Kawamoto
245 0 _aUpgrading And Repair Your Pc On A Shoestring
260 _bGalgotia Publication Pvt Ltf
_c1998
300 _a369p
650 _aComputer Science
942 _cBK
999 _c8625
_d8625